South Park: Kyles mum - Lyrics - Statistics

General Stats
  • This quiz has been taken 592 times
  • The average score is 161 of 221
Answer Stats
Answer % Correct
kyles
98%
Kyle's
98%
Kyles
98%
mom?
98%
mom
98%
a
96%
bit
96%
bi-atch!
95%
bitch
94%
bitch!
94%
I
93%
big
91%
Big
91%
fat
88%
she
88%
the
86%
world
84%
she's
82%
She's
82%
whole
81%
biggest
80%
in
79%
wide
79%
mom's
75%
stupid
69%
and
68%
to
60%
boy's
58%
girls
58%
all
57%
ever
57%
Monday
49%
on
48%
Tuesday
48%
you
47%
there
46%
if
45%
was
45%
Wednesday
44%
fuckin'
42%
Saturday
42%
Have
40%
Sunday
40%
it
39%
mean
39%
my
38%
friend
37%
super
37%
just
35%
met
35%
dirty
33%
ol'
33%
be
32%
king
30%
like
30%
this:
30%
different
29%
really
29%
go
27%
kids
26%
little
25%
hair
24%
something
24%
such
24%
through
24%
yeah
24%
might
23%
has
22%
round
17%
talk
17%
kamehameha
16%
cha
10%
No matching quizzes found
Score Distribution
Percent of People with Each Score
Percentile by Number Answered
Your Score History
You have not taken this quiz